000 00682cam a22002531 4500
001 sa 66007792
003 DLC
005 20260227112307.0
008 740123s1966 ii 000 0 eng
010 _asa 66007792 //r952
025 _aPL480:I-E-6625
040 _aDLC
_cDLC
_dDLC
043 _aa-ii---
050 0 0 _aHD9705.I42
_bE5
082 0 0 _a338.4762
110 2 0 _aEngineering Association of India.
245 1 0 _aSmall scale engineering industries;
_ba guide.
260 1 _aCalcutta
_c[1966]
300 _a39 p.
_c22 cm.
500 _aCover title.
650 0 _aMachinery industry
_zIndia.
650 0 _aIndustrial policy
_zIndia.
650 0 _aSmall business
_zIndia.
999 _c71407
_d71407